Loading...
| History - European | 0 | 5 | 1 | 0 | 45 | 26 | 49.80 | 1 | 2 | 24.69 | 26.17 |
| Fine Arts - Classical Music | 0 | 4 | 2 | 0 | 30 | 58 | 67.00 | 0 | 2 | 15.91 | 19.70 |
| History - World | 0 | 3 | 0 | 0 | 30 | 50 | 66.33 | 0 | 1 | 10.11 | 11.03 |
| History - American | 0 | 4 | 2 | 0 | 30 | 48 | 58.25 | 0 | 1 | 16.38 | 14.41 |
| History - Other | 0 | 2 | 0 | 1 | 20 | 95 | 102.50 | 0 | 0 | 1.24 | 3.47 |
| Geography | 0 | 2 | 0 | 0 | 20 | 76 | 85.50 | 0 | 0 | 7.75 | 14.39 |
| Popular Culture | 0 | 1 | 0 | 0 | 10 | 73 | 73.00 | 0 | 1 | 5.30 | 11.43 |
| Fine Arts - Other | 0 | 0 | 1 | 0 | -5 | 0.00 | 0 | 0 | 0.00 | 0.00 | |
| Current Events | 0 | 0 | 1 | 0 | -5 | 0.00 | 0 | 0 | 0.00 | 0.00 |